| 000 | 00562nam a22002057a 4500 | ||
|---|---|---|---|
| 003 | BUBTL | ||
| 008 | 220407b ||||| |||| 00| 0 eng d | ||
| 020 | _a9848372105 | ||
| 082 | _a346.04/ Al101t/ 2016 | ||
| 100 |
_94546 _aAl-Amim |
||
| 245 |
_aThe Transfer of Property Act / _cAl-Amim |
||
| 250 | _a1st Edn. | ||
| 260 |
_aDhaka: _bAin Prokashan, _cc2016 |
||
| 300 |
_a318 p.: _c21 cm. |
||
| 505 | _aThe Transfer of Property Act, Al-Amin | ||
| 650 | 0 |
_926 _aLaw |
|
| 856 |
_k0 _l0 _yDownload |
||
| 942 |
_2ddc _cBK |
||
| 999 |
_c6678 _d6678 |
||